| 000 | 00441nam a2200181Ia 4500 | ||
|---|---|---|---|
| 005 | 20240823042941.0 | ||
| 008 | 240823s9999||||xx |||||||||||||| ||und|| | ||
| 041 | _aENGLISH | ||
| 082 | _A646.7 N3 | ||
| 100 | _aCerney J U | ||
| 245 | 0 | _aTalk your way to Success with People | |
| 250 | _a1st | ||
| 260 |
_c1993 _b"Vikas,New Delhi" |
||
| 500 | _aTransfered | ||
| 650 |
_aManagement _bManagement Studies |
||
| 942 | _cBK | ||
| 999 |
_c209065 _d209065 |
||